Thinking sociologically /

Freedom and dependence. Us and them. Strangers. Toghether and apart. Gift and exchange. Power and choice. Sejf-preservation and moral duty. Nature and culture...

Đã lưu trong:
書目詳細資料
主要作者: Bauman, Zygmunt.
格式: 圖書
語言:English
出版: Oxford ; Cambridge, Mass. : Blackwell, 1990.
主題:
標簽: 添加標簽
沒有標簽, 成為第一個標記此記錄!
Thư viện lưu trữ: Mạng thư viện Đại học Đà Nẵng
LEADER 00938cam a2200325 i 4500
001 000049003
003 8731
005 20030401153613.0
008 010323|1990 vm 000 eng
020 |a 063116362X 
040 |a IRC  |c IRC  |d IRC 
041 0 |a eng 
082 1 4 |a 301  |b BA-Z 
100 1 |a Bauman, Zygmunt. 
245 0 0 |a Thinking sociologically /  |c Zygmunt Bauman. 
260 |a Oxford ; Cambridge, Mass. :  |b Blackwell,  |c 1990. 
300 |a 241 p. ;  |c 21.5cm. 
520 3 |a Freedom and dependence. Us and them. Strangers. Toghether and apart. Gift and exchange. Power and choice. Sejf-preservation and moral duty. Nature and culture... 
630 0 4 |a Sociology. 
650 0 4 |a Sociology. 
OWN |a DUT 
999 |a From the UDN01 
TYP |a Monograph 
TYP |a Printed language 
980 |a Mạng thư viện Đại học Đà Nẵng